000 00371nam a2200133 4500
999 _c11281
_d11281
008 181112b ||||| |||| 00| 0 eng d
022 _a2094-8042
082 _aDPer 050 T48 Apr-June 2016 v. 59-60
245 _aGwen Stefani.
260 _aHong Kong;
_bTime Asia,
_cc2016.
300 _av187 n12, page 43:
_billustrations;
_c27cm.
650 0 _932485
_a1
942 _2ddc
_cPER